Maestros errantes : experimentaciones sociales en la imtemperie /

Guardado en:
Autor Principal: Duschatzky, Silvia
Formato: Libro
Publicado: Buenos Aires : Paidós
Series:Tramas sociales: Nº 42 / dirigida por Irene Gojman
Materias:
Etiquetas: Agregar Etiqueta
Sin Etiquetas, Sea el primero en etiquetar este registro!
LEADER 00778nam a22002055a 4500
001 CEM.cems012660
005 20070716155824.0
008 130507b######################000#0#####d
003 CEMS
020 |a 9789501245424 
082 0 4 |a 370.19 
100 1 |a Duschatzky, Silvia 
245 1 0 |a Maestros errantes :  |b experimentaciones sociales en la imtemperie /  |c Silvia Duschatzky 
260 |a Buenos Aires :  |b Paidós 
300 |a 190 p. 
490 0 |a Tramas sociales: Nº 42 / dirigida por Irene Gojman 
505 0 |a Este texto es producto de una investigación que se plantea la necesidad de pensar los modos de producción de la escuela contemporáanea. 
653 |a Educación 
653 |a Sociología de la educación 
859 |a CEMS  |b BIB. CEMS - 11 de abril  |h 370.19  |i D943-1  |p 23992.07  |t Ej.1